Responses for show #2935 - Friday, May 9, 1997

1997 International Tournament final game 2.
From Stockholm, Sweden.

Contestants

[<< previous game]

Boris Levit, a film technician and audio editor from Israel (subtotal of $0)

Per Gunnar Hillesoy, an assistant dean of students from Norway (subtotal of $22,000)

Michael Daunt, an accountant from Canada (subtotal of $20,200)

[next game >>]

Jeopardy! Round responses

FOREIGN ANATOMY
(UTLANDSK ANATOMI)
TRANSPORTATION
(TRANSPORTER)
ACTORS & ACTRESSES
(SKADESPELARE & SKADESPELERSKOR)
HISTORY
(HISTORIA)
MUSEUMS
(MUSEER)
INTERNATIONAL SIGNS & SYMBOLS
(INTERNATIONELLA SKYLTAR & SYMBOLER)
    $100 1
teeth

Michael
    $100 26
Detroit

Michael
    $100 6
Max Von Sydow

Per Gunnar
    $100 11
Ireland

Per Gunnar
    $100 21
Napoleon

Per Gunnar
    $100 16
Hospital

Boris
    $200 2
eyebrows

Michael
    $200 27
Honshu

Per Gunnar
    $200 7
Clint Eastwood

Michael
    $200 12
World War I

Michael
    $200 22
The Prado

Michael
    $200 17
"Careful - Kangaroo Crossing"

Boris
    $300 3
(Per Gunnar: What is your behind?)
[Alex and audience laughter]
...
(Alex: Your [*], yes. A long way from your behind.)

tongue

Per GunnarBoris
    $300 28
Montreal

Boris
    $300 8
Al Pacino

Per Gunnar
    $300 13
Incan

Michael
    $300 23
Smithsonian

Per Gunnar
    $300 18
"No Entrance"

Boris
    $400 4
nose

Michael
    $400 29
sedan

Boris
    $400 9
Liam Neeson

Per Gunnar
    $400 14
Prussia

Michael
    $400 24
Peru

Per Gunnar
    $400 19
"Picnic Area"

Boris
    $500 5
Corazon

Per Gunnar
    $2,000 30
Airbus

Boris
    $500 10
Mia Farrow

Michael
    $500 15
Idi Amin

Boris
    $500 25
Helsingborg

Per Gunnar
    $500 20
Elevator

Boris

Scores at the first commercial break (after clue 12):

Michael Per Gunnar Boris
$1,600 $1,100 $300

Scores at the end of the Jeopardy! Round:

Michael Per Gunnar Boris
$2,600 $2,600 $5,000

Double Jeopardy! Round responses

WORLD CURRENCY
(VARLDENS VALUTOR)
BODIES OF WATER
(VATTENMASSOR)
COMPOSERS
(KOMPOSITORER)
THE OLYMPIC GAMES
(OLYMPISKA SPELEN)
SCIENCE & NATURE
(NATURVETENSKAP & NATUR)
AUTHORS
(FORFATTARE)
    $200 19
Bolivar

Per Gunnar
    $200 26
Nile

Per Gunnar
    $200 8
George Gershwin

Michael
    $200 12
Greece

Michael
    $200 6
snow

Michael
    $200 1
[Michael selected the first clue.]

Jules Verne

Michael
    $400 22
Austria

Per Gunnar
    $400 27
(Per Gunnar: What is the English Channel?)

Strait of Dover

MichaelPer Gunnar
    $400 15
W.A. Mozart

Michael
    $400 13
badminton

Michael
    $400 7
glaciers

Per Gunnar
    $400 2
Mary Shelley

Michael
    $600 23
[rather emphatically!]

Canada

Michael
    $600 28
Adriatic

Per Gunnar
    $600 17
(Alex: Per might not let you live this one down!)

Edward Grieg

Michael
    $600 14
decathlon

Per Gunnar
    $600 9
rain forest

Michael
    $600 3
Jack London

Michael
    $800 24
rubles

Michael
    $800 29
Indonesia

Michael
    $800 20
J.S. Bach

Per Gunnar
    $800 16
(Alex: Michael will never let you live that down!)

Canada

Boris
    $800 10
(Boris: What is the peak; hertz?)

wavelength

MichaelBoris
    $800 4
(Michael: Who was Ovid?)

Virgil

MichaelPer Gunnar
    $1000 25
rupee

Per Gunnar
    $2,000 30
(Michael: What are the Urals?)

Carpathians

Michael
    $1000 21
(Per Gunnar: Who was Bartok?)

Antonin Dvorak

MichaelPer Gunnar
    $1000 18
Alexei Nemov

Triple Stumper
    $2,000 11
quarks

Michael
    $1000 5
Sholem Aleichem

Michael

Scores at the end of the Double Jeopardy! Round:

Michael Per Gunnar Boris
$11,000 $6,200 $5,000

[wagering suggestions for these scores]

Final Jeopardy! Round responses

PAINTERS
BorisWho is Degas?
$5,000
Per GunnarWho is Picasso?
$6,200
MichaelWho is Renoir?
$3,800
Pierre Auguste Renoir

Final scores:

Michael Per Gunnar Boris
$14,800 $0 $0

Cumulative scores:

Michael Per Gunnar Boris
$35,000 $22,000 $0
Tournament champion: $35,000 1st runner-up: $22,000 2nd runner-up: $7,500

Game dynamics:

Coryat scores:

Michael Per Gunnar Boris
$12,000 $6,200 $3,500
28 R
(including 1 DD),
2 W
(including 1 DD)
19 R,
3 W
11 R
(including 1 DD),
1 W

Combined Coryat: $21,700

The J! Archive is created by fans, for fans. The Jeopardy! game show and all elements thereof, including but not limited to copyright and trademark thereto, are the property of Jeopardy Productions, Inc. and are protected under law. This website is not affiliated with, sponsored by, or operated by Jeopardy Productions, Inc. Join the discussion at JBoard.tv.